| 000 | 01161nam a22001937a 4500 | ||
|---|---|---|---|
| 003 | JO-AjAnu | ||
| 005 | 20240921094000.0 | ||
| 008 | 240918b jo ||||| |||| 00| 0 ara d | ||
| 040 |
_aJO-AjAnu _banu _cJO-AjAnu |
||
| 041 | _hara | ||
| 100 |
_aالغزاوي، ليلى حمد علي _eمعد _966226 |
||
| 245 |
_aأثر خصائص رؤساء البلديات على الأداء المالي في بلديات إربد الكبرى في الأردن ، مخصص البلدية: متغير معدل = The Impact of the Characteristics of Mayors on financial Performance in the Municipalities of Greater Irbid in Jordan, Municipal Allocation: as A Moderating Variable _c / اعداد ليلى حمد علي الغزاوي ؛ اشراف أحمد إبراهيم كراجه |
||
| 260 | _c2024 | ||
| 300 | _a136 ورقة | ||
| 500 | _aرسالة جامعية (ماجستير) جامعة عجلون الوطنية / كلية الأعمال ، تخصص المحاسبة | ||
| 650 | _vالادارة المالية-الادارة العامة-البلديات-الأردن | ||
| 700 |
_aكراجه، احمد ابراهيم _964987 _eمشرف |
||
| 942 |
_2lcc _cTHS _n0 |
||
| 999 |
_c33693 _d33693 |
||